| 000 | 01528nam0a2200361 4500 | ||
|---|---|---|---|
| 001 | RU\NLR\bibl\222155 | ||
| 005 | 20260405171943.0 | ||
| 010 |
_a5-02-032239-3 _bВ пер. _9538 |
||
| 021 |
_aRU _b2001-28940 _91384 |
||
| 035 | _a(NLR Aleph) 000218211 | ||
| 090 |
_a1267847 _c1267847 |
||
| 100 | _a20011114d2001 |||y0rusy50 ca | ||
| 101 | 0 | _arus | |
| 102 | _aRU | ||
| 105 | _aa ||||||||| | ||
| 200 | 1 |
_aЭкономика топливно-энергетического комплекса Якутии _fЭ. И. Ефремов _gОтв. ред. Е. Г. Егоров _gАкад. наук Респ. Саха (Якутия), Ин-т регион. экономики |
|
| 210 |
_aНовосибирск _cНаука _d2001 |
||
| 215 |
_a283, [3] с. _cил. _d22 |
||
| 606 | 0 |
_aТопливно-энергетические комплексы _yСаха (Якутия), Республика _92232402 _3RU\NLR\auth\661339864 |
|
| 610 | 0 | _aТопливо-энергетические комплексы | |
| 610 | 0 | _aСаха, Респ. (Якутия), энергетика | |
| 675 |
_a620.9(571.56) _v3 _zrus |
||
| 686 |
_a44/81 _2rugasnti |
||
| 686 |
_a65.304.13 _2rubbk |
||
| 686 | _aУ21(2)-554-434(2Р-6Я) | ||
| 700 | 1 |
_4070 _8rus _7ca _aЕфремов _bЭ. И. _cд-р экон. наук _gЭдуард Иванович _3RU\NLR\AUTH\7773519 _956447 |
|
| 801 | 0 |
_aRU _bRKP _c20011114 _gPSBO |
|
| 801 | 1 |
_aRU _bRKP _c20011114 |
|
| 801 | 2 |
_aRU _bNLR _c20090211 _grcr |
|
| 942 | _cBOOK | ||
| 980 | _aNB | ||